[Event "Ontario-ch U20"]
[Site "Mississauga CAN"]
[Date "2019.01.12"]
[Round "3.6"]
[White "Hack, Justin"]
[Black "Huang, Youhe"]
[Result "0-1"]
[WhiteElo "1818"]
[BlackElo "1960"]
[PlyCount "118"]
[EventDate "2019.01.12"]
[EventType "swiss"]
[EventRounds "5"]
[EventCountry "CAN"]

1. d4 Nf6 2. c4 g6 3. Nc3 Bg7 4. e4 d6 5. Nf3 O-O 6. Be2 e5 7. O-O Nc6 8. d5
Ne7 9. b4 Nd7 10. Ne1 a5 11. Ba3 f5 12. f3 f4 13. Nd3 axb4 14. Bxb4 b6 15. a4
g5 16. a5 bxa5 17. Bxa5 Nb8 18. Nb4 Rxa5 19. Rxa5 c5 20. Rb5 cxb4 21. Rxb4 Qc7
22. Qb3 Na6 23. Rb6 Nc5 24. Qb2 Bb7 25. Rb1 Rb8 26. Qb5 Kf7 27. h3 Ba6 28. Qb4
Rxb6 29. Qxb6 Qxb6 30. Rxb6 Nc8 31. Rc6 Bf6 32. Nb5 Be7 33. Kf2 Bb7 34. Rc7 Ke8
35. g3 Kd8 36. Bf1 Nb6 37. Kg1 Na8 38. Rxc5 dxc5 39. g4 Ba6 40. Na3 Kc7 41. Kf2
Kb6 42. Ke1 Ka5 43. Kd2 Kb4 44. Nb5 Bxb5 45. cxb5 Nb6 46. Kc2 c4 47. Bd3 cxd3+
48. Kb2 Nc4+ 49. Kb1 Kc3 50. h4 d2 51. d6 Bxd6 52. b6 d1=R+ 53. Ka2 Rd2+ 54.
Kb1 Kb3 55. Kc1 Ba3+ 56. Kb1 Rb2+ 57. Kc1 Rc2+ 58. Kd1 Ne3+ 59. Ke1 Bb4# 0-1

[Event "Ontario-ch U20"]
[Site "Mississauga CAN"]
[Date "2019.01.12"]
[Round "3.7"]
[White "Liao, Joseph"]
[Black "Ajith, Aayush"]
[Result "1-0"]
[WhiteElo "1796"]
[BlackElo "1877"]
[PlyCount "103"]
[EventDate "2019.01.12"]
[EventType "swiss"]
[EventRounds "5"]
[EventCountry "CAN"]

1. e4 c5 2. Ne2 d6 3. g3 Nc6 4. Bg2 g6 5. O-O Bg7 6. Re1 e6 7. c3 Nge7 8. d3
O-O 9. Be3 Qc7 10. Qd2 Rd8 11. d4 cxd4 12. cxd4 d5 13. e5 Nf5 14. Bg5 Re8 15.
Nbc3 a6 16. g4 Nfe7 17. f4 b5 18. Ng3 Qb6 19. Rad1 b4 20. Na4 Qa5 21. b3 Na7
22. Bxe7 Rxe7 23. f5 Rc7 24. Qg5 h6 25. Qd8+ Kh7 26. fxg6+ fxg6 27. Qh4 Bd7 28.
Nc5 Nc6 29. Rf1 Nxe5 30. g5 h5 31. Nxh5 gxh5 32. Qxh5+ Kg8 33. g6 Nxg6 34. Qxg6
Rxc5 35. dxc5 Qxc5+ 36. Kh1 Rf8 37. Rxf8+ Qxf8 38. Qd3 Bb5 39. Qh3 Qf6 40. Re1
Bd7 41. Rf1 Qe7 42. Qe3 d4 43. Qe4 e5 44. Qa8+ Kh7 45. Be4+ Kh6 46. Qxa6+ Qe6
47. Qd3 Qe8 48. Qd2+ Kh5 49. Rg1 Qe7 50. Bg6+ Kh4 51. Qf2+ Kh3 52. Qg3# 1-0

[Event "Ontario-ch U20"]
[Site "Mississauga CAN"]
[Date "2019.01.13"]
[Round "4.1"]
[White "Demchenko, Svitlana"]
[Black "Hua, Eugene"]
[Result "1/2-1/2"]
[WhiteElo "2347"]
[BlackElo "2422"]
[PlyCount "97"]
[EventDate "2019.01.12"]
[EventType "swiss"]
[EventRounds "5"]
[EventCountry "CAN"]

1. e4 c5 2. Nf3 e6 3. d4 cxd4 4. Nxd4 Nc6 5. Nc3 Qc7 6. Be3 a6 7. Qd2 Nf6 8. f3
Bb4 9. O-O-O O-O 10. g4 b5 11. g5 Nh5 12. Kb1 Bb7 13. a3 Be7 14. Nb3 Rfd8 15.
f4 d5 16. exd5 b4 17. Na4 Na5 18. Nb6 Nxb3 19. cxb3 Bxd5 20. Nxa8 Bxa8 21. Bd3
Bxh1 22. Rxh1 bxa3 23. Qc2 Qa5 24. bxa3 Qxa3 25. Rd1 g6 26. Bc4 Rxd1+ 27. Qxd1
Qd6 28. Qf3 Bf8 29. Bc1 h6 30. h4 hxg5 31. hxg5 Bg7 32. f5 exf5 33. Qb7 Qf8 34.
Qxa6 Kh7 35. Qb7 f6 36. gxf6 Qxf6 37. Qa8 g5 38. Qh1 Kg6 39. Qa8 f4 40. Bd3+
Kf7 41. Bc4+ Kg6 42. Bd3+ Kf7 43. Qd5+ Qe6 44. Bg6+ Kf6 45. Bb2+ Ke7 46. Ba3+
Kf6 47. Bb2+ Ke7 48. Ba3+ Kf6 49. Bb2+ 1/2-1/2

[Event "Ontario-ch U20"]
[Site "Mississauga CAN"]
[Date "2019.01.13"]
[Round "4.3"]
[White "Zhao, Jeffrey Renfei"]
[Black "Rusonik, Max"]
[Result "1/2-1/2"]
[WhiteElo "2058"]
[BlackElo "2046"]
[PlyCount "119"]
[EventDate "2019.01.12"]
[EventType "swiss"]
[EventRounds "5"]
[EventCountry "CAN"]

1. e4 e5 2. Nf3 Nc6 3. Bc4 Bc5 4. c3 Nf6 5. d3 a6 6. Bb3 Ba7 7. Nbd2 O-O 8. O-O
d6 9. Re1 Ng4 10. Re2 Kh8 11. Nc4 f5 12. h3 Qf6 13. Ncd2 Nh6 14. exf5 Nxf5 15.
Ne4 Qg6 16. Kh2 h6 17. Bc2 d5 18. Ned2 Qd6 19. Kh1 Bd7 20. Nf1 Rae8 21. Qe1 Qf6
22. N1h2 Nh4 23. Nxh4 Qxh4 24. f3 Qh5 25. Be3 d4 26. Bf2 Bc5 27. Bg3 Bd6 28.
Bb3 Be6 29. Bxe6 Rxe6 30. Ng4 Qf5 31. Nf2 Rfe8 32. Ne4 b5 33. Qd2 Nd8 34. Rae1
Nf7 35. Bh2 c5 36. b4 dxc3 37. Qxc3 cxb4 38. Qb3 Ng5 39. Nxd6 Rxd6 40. Bxe5
Rxd3 41. Qxb4 Red8 42. Qg4 Qf7 43. h4 Ne6 44. Qxe6 Qxe6 45. Bxg7+ Kxg7 46. Rxe6
R8d6 47. Kh2 Kf7 48. Rxd6 Rxd6 49. Re3 Rd4 50. Kh3 Kf6 51. g4 a5 52. Kg3 b4 53.
a3 Rc4 54. axb4 axb4 55. Rb3 Ke5 56. Kf2 h5 57. gxh5 Rxh4 58. Ke3 Kd5 59. Kd3
Rh3 60. Rxb4 1/2-1/2

[Event "Ontario-ch U20"]
[Site "Mississauga CAN"]
[Date "2019.01.13"]
[Round "4.4"]
[White "Liu, Henry"]
[Black "Ning, Eric"]
[Result "0-1"]
[WhiteElo "1876"]
[BlackElo "2056"]
[PlyCount "122"]
[EventDate "2019.01.12"]
[EventType "swiss"]
[EventRounds "5"]
[EventCountry "CAN"]

1. c4 Nf6 2. Nc3 d5 3. cxd5 Nxd5 4. Nf3 g6 5. g3 Bg7 6. Bg2 O-O 7. O-O Nc6 8.
d4 Nb6 9. e3 Re8 10. Qe2 e5 11. dxe5 Nxe5 12. Nxe5 Bxe5 13. f4 Bg7 14. Rd1 Qe7
15. e4 Be6 16. Be3 Nc4 17. Bd4 Bxd4+ 18. Rxd4 Qc5 19. Rad1 Rad8 20. Na4 Qxd4+
21. Rxd4 Rxd4 22. Nc5 Rd2 23. Qf3 Nd6 24. Nxe6 Rxe6 25. Qc3 Rd1+ 26. Kf2 Rxe4
27. Bf3 Re7 28. Qc2 Rde1 29. Qd2 R1e4 30. Kg2 Re3 31. b3 h5 32. Qd4 b6 33. Kf2
Nf5 34. Qc4 a5 35. a4 Nd6 36. Qd5 Nf5 37. Bxh5 Kh7 38. Bf3 Nd6 39. g4 Ne4+ 40.
Bxe4 R3xe4 41. Kg3 R4e6 42. Kh4 Rd6 43. Qg5 f6 44. Qb5 Kg7 45. Qc4 c6 46. b4
axb4 47. Qxb4 c5 48. Qb5 Kh6 49. g5+ fxg5+ 50. fxg5+ Kh7 51. a5 Rd4+ 52. Kg3
Rb4 53. Qc6 Rb3+ 54. Kf2 Rf7+ 55. Ke2 bxa5 56. Qxc5 a4 57. Qc4 Ra7 58. Qd4 Rbb7
59. h4 a3 60. h5 a2 61. Qa1 gxh5 0-1

[Event "Ontario-ch U20"]
[Site "Mississauga CAN"]
[Date "2019.01.13"]
[Round "4.5"]
[White "Ahmed, Syed Ibrahim"]
[Black "Gao, Raymond"]
[Result "1/2-1/2"]
[WhiteElo "1824"]
[BlackElo "2001"]
[PlyCount "131"]
[EventDate "2019.01.12"]
[EventType "swiss"]
[EventRounds "5"]
[EventCountry "CAN"]

1. d4 Nf6 2. c4 c5 3. Nf3 cxd4 4. Nxd4 g6 5. Nc3 Bg7 6. e4 Nc6 7. Be3 a6 8. Be2
d6 9. O-O Bd7 10. Rc1 Rc8 11. f4 O-O 12. Kh1 Nxd4 13. Bxd4 Bc6 14. Bf3 Qa5 15.
Qe1 Rfd8 16. Bxf6 exf6 17. Bg4 Rc7 18. b3 Qa3 19. Qf2 b5 20. Qb6 Rdc8 21. Bxc8
Rxc8 22. Nb1 Qc5 23. Qxc5 dxc5 24. cxb5 Bxb5 25. Rfe1 Bh6 26. g3 f5 27. e5 g5
28. fxg5 Bxg5 29. Rc3 Kf8 30. h4 Bh6 31. Kh2 a5 32. a4 Bd7 33. Rd1 Ke7 34. Rd5
c4 35. Rxc4 Rxc4 36. bxc4 Bxa4 37. Rxa5 Bd7 38. Nc3 Bg7 39. Nd5+ Ke6 40. Nf4+
Ke7 41. Kg2 Be6 42. Ra7+ Bd7 43. Ra5 Be6 44. Nxe6 Kxe6 45. c5 Bxe5 46. c6 Bc7
47. Ra3 Kd5 48. Rc3 Kd4 49. Rc1 Kd5 50. Kf3 h6 51. g4 f4 52. Rd1+ Kxc6 53. Rc1+
Kd7 54. Rxc7+ Kxc7 55. g5 h5 56. Kxf4 Kd7 57. Kf5 Ke7 58. Ke5 Kf8 59. Kf6 Kg8
60. g6 fxg6 61. Kxg6 Kh8 62. Kxh5 Kg8 63. Kg6 Kh8 64. h5 Kg8 65. h6 Kh8 66. h7
1/2-1/2

[Event "Ontario-ch U20"]
[Site "Mississauga CAN"]
[Date "2019.01.13"]
[Round "4.6"]
[White "Huang, Youhe"]
[Black "Xie, Austin"]
[Result "0-1"]
[WhiteElo "1960"]
[BlackElo "1814"]
[PlyCount "76"]
[EventDate "2019.01.12"]
[EventType "swiss"]
[EventRounds "5"]
[EventCountry "CAN"]

1. e4 c6 2. d4 d5 3. Nc3 e6 4. Nf3 Nd7 5. Bd3 Bb4 6. e5 Ne7 7. h4 h6 8. h5 b6
9. a3 Bxc3+ 10. bxc3 Bb7 11. a4 Qc7 12. Ba3 c5 13. Kd2 Rc8 14. Bb2 Nc6 15. Rh3
Ne7 16. Nh4 c4 17. Bf1 a5 18. Qg4 Rg8 19. Rf3 Nf8 20. Ba3 Nh7 21. Re1 Ng5 22.
Rf4 Ne4+ 23. Kc1 Nxc3 24. Re3 Ne4 25. Ref3 Ng5 26. Rxf7 Nxf7 27. Qxe6 Ng5 28.
Qg4 Nxf3 29. gxf3 Qd7 30. e6 Qxa4 31. Kb2 c3+ 32. Ka2 Qxc2+ 33. Ka1 Qd1+ 34.
Ka2 c2 35. Bxe7 Qb1+ 36. Ka3 c1=B+ 37. Ka4 Bc6+ 38. Bb5 Bxb5# 0-1

[Event "Ontario-ch U20"]
[Site "Mississauga CAN"]
[Date "2019.01.13"]
[Round "4.7"]
[White "Ning, Alwin"]
[Black "Hack, Justin"]
[Result "1-0"]
[WhiteElo "1836"]
[BlackElo "1818"]
[PlyCount "79"]
[EventDate "2019.01.12"]
[EventType "swiss"]
[EventRounds "5"]
[EventCountry "CAN"]

1. e4 c5 2. Nf3 d6 3. d4 cxd4 4. Nxd4 Nf6 5. f3 e5 6. Nb3 d5 7. exd5 Nxd5 8.
Bb5+ Nc6 9. c4 Bb4+ 10. Ke2 Nc7 11. Bxc6+ bxc6 12. Qxd8+ Kxd8 13. a3 Be7 14.
Na5 Bd7 15. Nc3 Ne6 16. Be3 Nd4+ 17. Bxd4 exd4 18. Ne4 f5 19. Nc5 Bc8 20. Nxc6+
Ke8 21. Nxe7 Kxe7 22. Kd3 Rd8 23. b4 a5 24. Rhe1+ Kf6 25. Nb3 axb4 26. axb4 Rb8
27. b5 Bb7 28. Nxd4 Rd7 29. Kc3 Rbd8 30. Rad1 g6 31. c5 Rd6 32. cxd6 Re8 33.
Rxe8 Be4 34. fxe4 g5 35. d7 h5 36. d8=Q+ Kg6 37. Re6+ Kg7 38. Qe7+ Kg8 39. Rg6+
Kh8 40. Qg7# 1-0

[Event "Ontario-ch U20"]
[Site "Mississauga CAN"]
[Date "2019.01.13"]
[Round "4.8"]
[White "Ramesh, Sanjay"]
[Black "Liao, Joseph"]
[Result "1/2-1/2"]
[WhiteElo "1744"]
[BlackElo "1796"]
[PlyCount "112"]
[EventDate "2019.01.12"]
[EventType "swiss"]
[EventRounds "5"]
[EventCountry "CAN"]

1. d4 e6 2. c4 Nf6 3. Nc3 Bb4 4. e3 b6 5. Nf3 Ne4 6. Qc2 f5 7. Bd2 Bxc3 8. Bxc3
d6 9. Nd2 Nxc3 10. Qxc3 O-O 11. O-O-O Bb7 12. f3 Nd7 13. e4 fxe4 14. fxe4 e5
15. d5 a5 16. h4 Nc5 17. Be2 Bc8 18. Qe3 a4 19. g4 Bd7 20. g5 Qe8 21. h5 b5 22.
Rdf1 Rxf1+ 23. Rxf1 bxc4 24. Nxc4 Rb8 25. h6 g6 26. Qf3 Qe7 27. Qe3 Rb4 28. Nd2
Be8 29. Rf6 Bf7 30. Bg4 c6 31. dxc6 Qc7 32. Qc3 Nxe4 33. Qxb4 Qxc6+ 34. Kb1
Nxf6 35. gxf6 Qh1+ 36. Kc2 Qxh6 37. Qb8+ Qf8 38. Qxf8+ Kxf8 39. Ne4 h5 40. Be2
Bxa2 41. Nxd6 Be6 42. Kd2 h4 43. Ke3 g5 44. Kf2 g4 45. Kg2 Bd5+ 46. Kg1 Be6 47.
Nc4 Kf7 48. Nxe5+ Kxf6 49. Nxg4+ Bxg4 50. Bxg4 Ke5 51. Kf2 Kd6 52. Ke3 Kc5 53.
Kd3 Kb4 54. Kc2 a3 55. b3 a2 56. Kb2 a1=Q+ 1/2-1/2

[Event "Ontario-ch U20"]
[Site "Mississauga CAN"]
[Date "2019.01.13"]
[Round "5.2"]
[White "Hua, Eugene"]
[Black "Zhao, Jeffrey Renfei"]
[Result "1-0"]
[WhiteElo "2422"]
[BlackElo "2058"]
[PlyCount "94"]
[EventDate "2019.01.12"]
[EventType "swiss"]
[EventRounds "5"]
[EventCountry "CAN"]

1. c4 e5 2. g3 Nf6 3. Bg2 Nc6 4. Nc3 d6 5. d3 Be6 6. e4 g6 7. Nge2 Bg7 8. h3
O-O 9. O-O Nd7 10. Be3 f5 11. exf5 Rxf5 12. f4 Rf8 13. Qd2 Qc8 14. Kh2 Nf6 15.
b3 Qd7 16. d4 exd4 17. Nxd4 Nxd4 18. Bxd4 Rae8 19. Rae1 b6 20. Re2 Re7 21. Rfe1
Rfe8 22. Bxf6 Bxf6 23. Ne4 Bg7 24. Ng5 Bf7 25. Bd5 Rxe2+ 26. Rxe2 Rxe2+ 27.
Qxe2 Bxd5 28. cxd5 Bf6 29. Qe6+ Qxe6 30. Nxe6 Kf7 31. Nxc7 a5 32. a4 Bc3 33.
Kg2 Kf6 34. Kf3 h5 35. Ne6 Kf5 36. g4+ hxg4+ 37. hxg4+ Kf6 38. Ke4 Bb2 39. g5+
Ke7 40. f5 gxf5+ 41. Kxf5 Kf7 42. g6+ Kg8 43. Nc7 Bd4 44. Nb5 Be5 45. Ke6 Kg7
46. Nxd6 Bxd6 47. Kxd6 Kxg6 1-0

[Event "Ontario-ch U20"]
[Site "Mississauga CAN"]
[Date "2019.01.13"]
[Round "5.3"]
[White "Ning, Eric"]
[Black "Rusonik, Max"]
[Result "1/2-1/2"]
[WhiteElo "2056"]
[BlackElo "2046"]
[PlyCount "65"]
[EventDate "2019.01.12"]
[EventType "swiss"]
[EventRounds "5"]
[EventCountry "CAN"]

1. d4 f5 2. c4 Nf6 3. g3 g6 4. Bg2 Bg7 5. Nc3 O-O 6. Nh3 d6 7. d5 Nbd7 8. O-O
Ne5 9. b3 c6 10. Bb2 Bd7 11. Nf4 Ne8 12. Qd2 Nc7 13. Nd3 Ng4 14. Na4 Nf6 15.
dxc6 Bxc6 16. Bxc6 bxc6 17. c5 Ne6 18. cxd6 exd6 19. Rfd1 Ne4 20. Qc2 Bxb2 21.
Ndxb2 Rc8 22. Nc3 Qf6 23. Rac1 d5 24. Nxe4 fxe4 25. Rf1 Qf5 26. Qd2 Ng5 27. Nd1
Qg4 28. Ne3 Nh3+ 29. Kh1 Qg5 30. Kg2 Nf4+ 31. Kh1 Nh3 32. Kg2 Nf4+ 33. Kh1
1/2-1/2

[Event "Ontario-ch U20"]
[Site "Mississauga CAN"]
[Date "2019.01.13"]
[Round "5.4"]
[White "Gao, Raymond"]
[Black "Liu, Henry"]
[Result "0-1"]
[WhiteElo "2001"]
[BlackElo "1876"]
[PlyCount "96"]
[EventDate "2019.01.12"]
[EventType "swiss"]
[EventRounds "5"]
[EventCountry "CAN"]

1. e4 e6 2. d4 d5 3. Nd2 Nf6 4. e5 Nfd7 5. f4 c5 6. c3 Nc6 7. Ndf3 b6 8. Be3
Bb7 9. Bd3 cxd4 10. cxd4 Rc8 11. Rc1 Nb4 12. Bb1 b5 13. a3 Nc6 14. Ne2 Nb6 15.
Nc3 Nc4 16. Qe2 Qb6 17. Bf2 a5 18. Bd3 Ba6 19. Nd1 a4 20. O-O N6a5 21. f5 h6
22. fxe6 Qxe6 23. Ne3 g6 24. Be1 Nxe3 25. Bxb5+ Bxb5 26. Qxb5+ Nc6 27. Rf2 Be7
28. Re2 Nc4 29. Qxa4 O-O 30. Qd1 Nxb2 31. Qd2 Bxa3 32. Qxh6 Qg4 33. Bh4 Qh5 34.
Qf4 Nd3 35. Qe3 Nxc1 36. Rf2 Be7 37. g4 Qxg4+ 38. Rg2 Qh5 39. Bxe7 Nxe7 40. e6
Nf5 41. exf7+ Rxf7 42. Qe6 Rcf8 43. Rg5 Qxf3 44. Rxg6+ Ng7 45. Rxg7+ Kxg7 46.
Qe5+ Rf6 47. Qe7+ R8f7 48. Qxf7+ Kxf7 0-1

[Event "Ontario-ch U20"]
[Site "Mississauga CAN"]
[Date "2019.01.13"]
[Round "5.5"]
[White "Papneja, Arul"]
[Black "Ahmed, Syed Ibrahim"]
[Result "0-1"]
[WhiteElo "1999"]
[BlackElo "1824"]
[PlyCount "102"]
[EventDate "2019.01.12"]
[EventType "swiss"]
[EventRounds "5"]
[EventCountry "CAN"]

1. d4 d5 2. Bf4 Nf6 3. e3 c5 4. c3 e6 5. Nd2 Qb6 6. Qc2 Bd6 7. Bg3 Qc7 8. Ngf3
Nbd7 9. Bxd6 Qxd6 10. O-O-O O-O 11. Kb1 Rb8 12. e4 dxe4 13. Nxe4 Nxe4 14. Qxe4
Nf6 15. Qc2 b5 16. Bd3 Bb7 17. Ng5 h6 18. Ne4 Nxe4 19. Bxe4 c4 20. Bxb7 Rxb7
21. Ka1 Rfb8 22. g3 a5 23. Qe2 Qc6 24. Rb1 b4 25. Rhc1 Rc8 26. h4 a4 27. cxb4
Rxb4 28. Rc3 Qb5 29. Rbc1 a3 30. b3 Qb7 31. Kb1 Qd5 32. Qe5 Qb7 33. Qe2 Qd5 34.
Qe5 f6 35. Qxd5 exd5 36. Kc2 Re8 37. bxc4 Re2+ 38. Kd3 Rxa2 39. R1c2 Rxc2 40.
Rxc2 dxc4+ 41. Kc3 Ra4 42. Ra2 Kf7 43. d5 Ke7 44. Kd4 Kd6 45. f4 g6 46. Ke4 c3+
47. Kd3 Kxd5 48. Kxc3 Ke4 49. Kb3 Ra6 50. Kb4 Kf3 51. Kb5 Ra8 0-1

[Event "Ontario-ch U20"]
[Site "Mississauga CAN"]
[Date "2019.01.13"]
[Round "5.6"]
[White "Xie, Austin"]
[Black "Ning, Alwin"]
[Result "1-0"]
[WhiteElo "1814"]
[BlackElo "1836"]
[PlyCount "93"]
[EventDate "2019.01.12"]
[EventType "swiss"]
[EventRounds "5"]
[EventCountry "CAN"]

1. e4 e5 2. Nf3 Nc6 3. Bc4 Bc5 4. c3 Nf6 5. d3 h6 6. Nbd2 d6 7. h3 O-O 8. Nf1
d5 9. exd5 Nxd5 10. Ng3 Re8 11. O-O Nf6 12. b4 Bd6 13. Ne4 Nxe4 14. dxe4 a6 15.
a4 Be6 16. Bxe6 Rxe6 17. Be3 Ne7 18. Nh4 c6 19. g4 Bc7 20. Nf5 Nxf5 21. gxf5
Qxd1 22. Raxd1 Rd6 23. Rxd6 Bxd6 24. Rd1 Bc7 25. Rd7 Rc8 26. a5 f6 27. Bb6 Bxb6
28. axb6 Rb8 29. Kg2 Kh7 30. Kf3 h5 31. h4 Kh6 32. Rf7 Kh7 33. Ke3 c5 34. bxc5
a5 35. Kd3 a4 36. Kc2 a3 37. Kb3 Ra8 38. Ka2 Ra5 39. Rxb7 Rxc5 40. Rc7 Rb5 41.
b7 Kh6 42. c4 Rb6 43. Rc8 Kh7 44. b8=Q Rxb8 45. Rxb8 g5 46. fxg6+ Kxg6 47. c5
1-0

[Event "Ontario-ch U20"]
[Site "Mississauga CAN"]
[Date "2019.01.13"]
[Round "5.7"]
[White "Liao, Joseph"]
[Black "Huang, Youhe"]
[Result "1/2-1/2"]
[WhiteElo "1796"]
[BlackElo "1960"]
[PlyCount "223"]
[EventDate "2019.01.12"]
[EventType "swiss"]
[EventRounds "5"]
[EventCountry "CAN"]

1. e4 Nc6 2. Nf3 e5 3. Bc4 Nf6 4. d4 exd4 5. O-O Nxe4 6. Re1 d5 7. Bxd5 Qxd5 8.
Nc3 Qh5 9. Nxe4 Be6 10. Bg5 h6 11. Bf6 Be7 12. Bxg7 Rg8 13. Ng3 Qd5 14. Bxd4
O-O-O 15. Bc3 Qc5 16. Qe2 h5 17. Ne4 Qf5 18. Ng3 Qg6 19. Qe4 Bd5 20. Qxg6 Rxg6
21. Ne5 Nxe5 22. Rxe5 Bg5 23. Rd1 c6 24. Nxh5 f6 25. Ree1 Rdg8 26. Ng3 Bh4 27.
Bd4 f5 28. Be3 Rg4 29. h3 Ra4 30. b3 Rxa2 31. c4 Bxg2 32. Kxg2 Bxg3 33. Kf3 Bh4
34. Ra1 Rxa1 35. Rxa1 a6 36. Ra5 f4 37. Kxf4 Rg2 38. Rh5 Be7 39. Ra5 Rg1 40.
Bc5 Bd8 41. Ra3 Bc7+ 42. Kf3 Rh1 43. Kg4 Rg1+ 44. Kh5 Bd8 45. f4 Rg3 46. h4 Rh3
47. Bf2 Rf3 48. Ra2 Rxf4 49. Kg6 Bxh4 50. Bxh4 Rxh4 51. Kf5 Rh3 52. Rb2 Kc7 53.
Ke5 a5 54. Kd4 Kb6 55. Rb1 Rh4+ 56. Kc3 Kc5 57. Ra1 Rh3+ 58. Kc2 b6 59. Kb2 Kd4
60. Rd1+ Rd3 61. Rh1 Rd2+ 62. Ka3 Kc3 63. Rh3+ Kc2 64. Rh6 Rd3 65. Rh2+ Kc3 66.
Rh6 Kc2 67. Rh2+ Rd2 68. Rh1 Rd1 69. Rh2+ Kc3 70. Rh3+ Kd4 71. Rh4+ Kc5 72.
Rh5+ Kd6 73. Rh6+ Kc7 74. Rh7+ Rd7 75. Rh5 Kb7 76. Rg5 Ka6 77. Rg6 c5 78. Rh6
Rb7 79. Ka4 Rg7 80. Ka3 Rg3 81. Rh7 Rg1 82. Rh5 Rg4 83. Rh6 Rg7 84. Rh5 Rg6 85.
Rf5 Kb7 86. Rh5 Kc6 87. Ka4 Rd6 88. Rg5 b5+ 89. cxb5+ Kb6 90. Rh5 Rd4+ 91. Ka3
Kxb5 92. Rh8 Rd3 93. Rb8+ Kc6 94. Rc8+ Kd5 95. Rd8+ Ke4 96. Re8+ Kd4 97. Rd8+
Ke3 98. Re8+ Kd2 99. Rc8 Rc3 100. Rh8 Re3 101. Rc8 Rc3 102. Ka4 Kc2 103. Rh8
Kb2 104. Rh2+ Rc2 105. Rh5 c4 106. bxc4 Rxc4+ 107. Kxa5 Rc8 108. Rb5+ Kc3 109.
Kb6 Kc4 110. Rh5 Rb8+ 111. Kc6 Rb1 112. Rh4+ 1/2-1/2

[Event "Ontario-ch U20"]
[Site "Mississauga CAN"]
[Date "2019.01.13"]
[Round "5.8"]
[White "Hack, Justin"]
[Black "Ramesh, Sanjay"]
[Result "0-1"]
[WhiteElo "1818"]
[BlackElo "1744"]
[PlyCount "51"]
[EventDate "2019.01.12"]
[EventType "swiss"]
[EventRounds "5"]
[EventCountry "CAN"]

1. d4 d5 2. c4 e6 3. Nc3 Nf6 4. cxd5 exd5 5. Bg5 Be7 6. e3 Bf5 7. Qb3 Nbd7 8.
Nxd5 Nxd5 9. Qxd5 Bb4+ 10. Kd1 Qxg5 11. Qxb7 Rb8 12. Qxc7 O-O 13. Nf3 Qg6 14.
Rc1 Bd6 15. Qc3 Nf6 16. Qe1 Rxb2 17. Bc4 Bc2+ 18. Ke2 Bb4 19. Nd2 Bxd2 20. Qxd2
Bd1+ 21. Kxd1 Rxd2+ 22. Kxd2 Qxg2 23. Bxf7+ Rxf7 24. Rc7 Qxf2+ 25. Kd3 Rxc7 26.
Rf1 0-1

[Event "Ontario-ch U20 U1400"]
[Site "Mississauga CAN"]
[Date "2019.01.12"]
[Round "1.25"]
[White "Lin, Joey"]
[Black "Vijendra, Vinushan"]
[Result "1-0"]
[WhiteElo "1079"]
[BlackElo "1383"]
[PlyCount "153"]
[EventDate "2019.01.12"]
[EventType "swiss"]
[EventRounds "5"]
[EventCountry "CAN"]

1. e4 c5 2. Nf3 Nc6 3. d4 cxd4 4. Nxd4 e6 5. Be2 Nge7 6. O-O g6 7. Be3 Bg7 8.
Nxc6 Nxc6 9. c3 d6 10. Qd2 d5 11. exd5 Qxd5 12. Qxd5 exd5 13. Rd1 Be6 14. Na3
a6 15. Nc2 Rd8 16. Nd4 Nxd4 17. Bxd4 O-O 18. Bxg7 Kxg7 19. h3 Rd7 20. Rd2 Rfd8
21. Rad1 Kf6 22. Rd4 Ke5 23. f4+ Kd6 24. Bf3 Kc7 25. Kf2 Kb6 26. Rb4+ Kc5 27.
Rbd4 b5 28. Ke3 a5 29. Rc1 Rc8 30. a4 Kb6 31. axb5 Kxb5 32. Bd1 Rc4 33. Be2 Kc5
34. Bxc4 dxc4 35. Rxd7 Bxd7 36. Rd1 Be6 37. g4 h5 38. gxh5 gxh5 39. h4 Kb5 40.
Ra1 Bg4 41. Kd4 f5 42. Ke3 Kb6 43. Kd2 Bf3 44. Kc2 Be4+ 45. Kc1 Kb5 46. Kd2 Bf3
47. Re1 Ka4 48. Re5 Be4 49. Ke3 Bd3 50. Kd4 Kb3 51. Rxa5 Kxb2 52. Rc5 Kb3 53.
Rc7 Be2 54. Rb7+ Kc2 55. Re7 Bd3 56. Rg7 Be2 57. Rg5 Bg4 58. Kxc4 Kd2 59. Kd4
Ke2 60. c4 Kf3 61. c5 Kxf4 62. c6 Kg3 63. c7 f4 64. c8=Q Kxh4 65. Rxg4+ hxg4
66. Ke4 Kg3 67. Qc3+ f3 68. Kf5 Kh3 69. Kf4 Kg2 70. Kxg4 f2 71. Qd2 Kg1 72. Qe3
Kg2 73. Qe2 Kg1 74. Kg3 f1=N+ 75. Kh3 Ne3 76. Qxe3+ Kf1 77. Qd2 1-0

[Event "Ontario-ch U20 U1800"]
[Site "Mississauga CAN"]
[Date "2019.01.12"]
[Round "1.9"]
[White "Liu, Harrison"]
[Black "Liu, Aaron"]
[Result "1-0"]
[WhiteElo "1772"]
[BlackElo "1532"]
[PlyCount "53"]
[EventDate "2019.01.12"]
[EventType "swiss"]
[EventRounds "5"]
[EventCountry "CAN"]

1. e4 e5 2. Nf3 Nc6 3. Bc4 Bc5 4. O-O Nf6 5. d3 d6 6. Nbd2 O-O 7. c3 h6 8. h3
Be6 9. Bb5 Ne7 10. b4 Bb6 11. Re1 c6 12. Ba4 Ng6 13. Nf1 Bc7 14. d4 Qe7 15. Ng3
b5 16. Nf5 Qd7 17. Bc2 a5 18. Ba3 axb4 19. Bxb4 Rxa2 20. Rxa2 Bxa2 21. dxe5 c5
22. exf6 cxb4 23. fxg7 Re8 24. Qd2 b3 25. Qxh6 bxc2 26. Ng5 Qxf5 27. Qh7# 1-0

[Event "Ontario-ch U20 U1800"]
[Site "Mississauga CAN"]
[Date "2019.01.12"]
[Round "1.10"]
[White "Huang, Richard"]
[Black "Chen, Richard"]
[Result "1/2-1/2"]
[WhiteElo "1520"]
[BlackElo "1738"]
[PlyCount "101"]
[EventDate "2019.01.12"]
[EventType "swiss"]
[EventRounds "5"]
[EventCountry "CAN"]

1. e4 d6 2. d4 Nf6 3. Nc3 g6 4. Nf3 Bg7 5. Bd3 O-O 6. O-O Nbd7 7. Re1 c5 8. d5
Ng4 9. Bf4 Nde5 10. Nxe5 Nxe5 11. Bg3 Nxd3 12. cxd3 a6 13. f4 b5 14. Qc2 Bb7
15. a4 Qb6 16. Kh1 Rfc8 17. Qb3 Bxc3 18. bxc3 c4 19. Qc2 cxd3 20. Qxd3 Qc5 21.
Rec1 b4 22. c4 a5 23. Rc2 Ba6 24. Rac1 Qb6 25. Bf2 Qb7 26. Qb3 Rc7 27. c5 dxc5
28. Rxc5 Rac8 29. Rxc7 Rxc7 30. Rxc7 Qxc7 31. Be3 Qc3 32. Qxc3 bxc3 33. Kg1 Bc4
34. Kf2 Bb3 35. Bd4 c2 36. Bb2 Bxa4 37. Ke2 Bb3 38. Kd2 a4 39. Kd3 Kf8 40. Kd4
Ke8 41. Kc5 Kd7 42. e5 f6 43. g3 h6 44. h3 fxe5 45. fxe5 e6 46. d6 g5 47. h4
gxh4 48. gxh4 h5 49. Kb6 Bd5 50. Kc5 Bc6 51. Kb6 1/2-1/2

[Event "Ontario-ch U20 U1800"]
[Site "Mississauga CAN"]
[Date "2019.01.12"]
[Round "1.11"]
[White "Hua, MIchelle"]
[Black "Zhang, Henry"]
[Result "1-0"]
[WhiteElo "1731"]
[BlackElo "1517"]
[PlyCount "109"]
[EventDate "2019.01.12"]
[EventType "swiss"]
[EventRounds "5"]
[EventCountry "CAN"]

1. c4 Nf6 2. g3 g6 3. Bg2 Bg7 4. Nc3 d6 5. d4 O-O 6. e3 Nbd7 7. Nge2 e5 8. O-O
a6 9. b3 Rb8 10. Bb2 c6 11. Qd2 Qc7 12. Rfd1 b5 13. Rac1 Qb6 14. cxb5 cxb5 15.
dxe5 dxe5 16. Nd5 Nxd5 17. Qxd5 Nf6 18. Qd2 Qe6 19. Rc6 Qe7 20. Qd6 Qxd6 21.
Rcxd6 Re8 22. Nc3 b4 23. Nd5 Nxd5 24. R1xd5 Be6 25. Ra5 Rbc8 26. Be4 Bh3 27.
Raxa6 f5 28. Bd5+ Kh8 29. Bc4 Red8 30. f3 Rxd6 31. Rxd6 Ra8 32. Ba6 Kg8 33. Kf2
Kf8 34. a4 Ke7 35. Rc6 Rd8 36. Rc2 Rd1 37. e4 Rh1 38. Ke3 Bh6+ 39. f4 Re1+ 40.
Re2 exf4+ 41. gxf4 Rd1 42. Bc4 Bf1 43. Rc2 Re1+ 44. Kf2 Rxe4 45. Kxf1 Rxf4+ 46.
Rf2 Rg4 47. a5 Be3 48. Rg2 Rf4+ 49. Ke2 Re4 50. Kf3 g5 51. Bd5 g4+ 52. Ke2 Bd4+
53. Bxe4 Bxb2 54. Bxf5 Bd4 55. Rxg4 1-0

[Event "Ontario-ch U20 U1800"]
[Site "Mississauga CAN"]
[Date "2019.01.12"]
[Round "1.12"]
[White "Srinivas, Atharva"]
[Black "Landstrom, Wiliam"]
[Result "1/2-1/2"]
[WhiteElo "1501"]
[BlackElo "1720"]
[PlyCount "42"]
[EventDate "2019.01.12"]
[EventType "swiss"]
[EventRounds "5"]
[EventCountry "CAN"]

1. e4 d6 2. Nc3 Nf6 3. f4 Nbd7 4. Nf3 e5 5. f5 Be7 6. Bc4 h6 7. a3 c6 8. d3 Qc7
9. O-O b5 10. Ba2 Bb7 11. Qe1 O-O-O 12. Bxf7 d5 13. Bd2 Bc5+ 14. Kh1 Nf8 15.
Bg6 Nxg6 16. fxg6 d4 17. Ne2 Rhe8 18. Ng3 Nd7 19. Nf5 Nf8 20. Qg3 Re6 21. N3h4
Kb8 1/2-1/2